[Event "Andalucia-chT Honor Oriental"]
[Site "Andalucia"]
[Date "2018.10.14"]
[Round "3.36"]
[White "Domingo Nunez, Alejandro"]
[Black "Ruiz Sanchez, Miguel Angel"]
[Result "1-0"]
[WhiteElo "2371"]
[BlackElo "2229"]
[PlyCount "131"]
[EventDate "2018.09.30"]
[EventType "team-tourn"]
[EventRounds "7"]
[EventCountry "ESP"]
[SourceTitle "EXT 2020"]
[Source "ChessBase"]
[SourceDate "2019.10.17"]
[SourceVersion "1"]
[SourceVersionDate "2019.10.17"]
[SourceQuality "1"]
[WhiteTeam "Caja Granada"]
[BlackTeam "Cruz Roja Santa Juana"]
[WhiteTeamCountry "ESP"]
[BlackTeamCountry "ESP"]

1. e4 e6 2. d4 d5 3. Nc3 Bb4 4. exd5 exd5 5. Bd3 Nf6 6. a3 Be7 7. Nge2 0-0 8. 0-0 Nc6 9. h3 a6 10. Be3 Bd6 11. Ng3 Re8 12. Qf3 Be6 13. Nf5 Bf8 14. Bg5 Be7 15. Nxe7+ Qxe7 16. Rfe1 h6 17. Bxf6 Qxf6 18. Qxf6 gxf6 19. Ne2 Kf8 20. b4 Bd7 21. Nf4 Rxe1+ 22. Rxe1 Ne7 23. Nh5 f5 24. Re5 c6 25. Nf6 Be6 26. Re1 Nc8 27. f3 Nd6 28. Kf2 a5 29. Ke3 axb4 30. axb4 Ra4 31. Rb1 Ke7 32. Ng8+ Kf8 33. Nf6 Ke7 34. Nh5 Bd7 35. Kf4 Be6 36. Ke5 f6+ 37. Kf4 Kf7 38. Ng3 Ra2 39. Ne2 Bd7 40. Ke3 Be6 41. Kd2 Bd7 42. Nc3 Ra8 43. Ne2 Ra2 44. Kc3 Ra3+ 45. Kb2 Ra4 46. Kb3 Ra8 47. Nf4 Kg7 48. Re1 Kf7 49. h4 Re8 50. Ra1 Bc8 51. Kc3 Bd7 52. Kd2 Bc8 53. Ra7 Bd7 54. b5 Re7 55. Kc3 Be6 56. bxc6 bxc6 57. Ra6 Rc7 58. Kb4 Nb7 59. Ra7 Re7 60. Ba6 Nd6 61. Rxe7+ Kxe7 62. Kc5 Bd7 63. Kb6 Ne8 64. Nd3 Kd6 65. Nc5 Nc7 66. Nb7+ 1-0

[Event "ESP-ch 78th"]
[Site "Linares"]
[Date "2013.09.03"]
[Round "6"]
[White "Ruiz Sanchez, Miguel Angel"]
[Black "Matnadze, Ana"]
[Result "1/2-1/2"]
[WhiteElo "2221"]
[BlackElo "2390"]
[PlyCount "118"]
[EventDate "2013.08.29"]
[EventType "swiss"]
[EventRounds "9"]
[EventCountry "ESP"]
[SourceTitle "CBM 156 Extra"]
[Source "ChessBase"]
[SourceDate "2013.10.22"]
[SourceVersion "1"]
[SourceVersionDate "2013.10.22"]
[SourceQuality "1"]

1. d4 Nf6 2. Bf4 d5 3. e3 g6 4. Nf3 Bg7 5. Bd3 0-0 6. 0-0 c6 7. c4 Ne8 8. Nc3 dxc4 9. Bxc4 Nd6 10. Bb3 Na6 11. Rc1 Nc7 12. h3 Be6 13. e4 Rc8 14. Re1 Bxb3 15. Qxb3 Ne6 16. Be5 Qb6 17. Qxb6 axb6 18. Bxg7 Kxg7 19. d5 Nc5 20. e5 Nc4 21. b3 Nb2 22. Rc2 Nbd3 23. Rd1 Nb4 24. Rcd2 cxd5 25. Nxd5 Nxd5 26. Rxd5 Rc7 27. R5d4 Rfc8 28. Rb4 Rd7 29. Rdd4 Rxd4 30. Nxd4 Rd8 31. Nf3 Rd1+ 32. Kh2 Nd7 33. Kg3 h6 34. h4 e6 35. Kf4 Rd5 36. Rd4 g5+ 37. hxg5 hxg5+ 38. Ke3 Nxe5 39. Rxd5 Ng4+ 40. Kd4 exd5 41. Nxg5 Nxf2 42. Kxd5 Nd3 43. Kc4 Nf4 44. g3 Ne2 45. Kb5 Nxg3 46. Nxf7 Ne2 47. Kxb6 Nc1 48. Ne5 Nxa2 49. Nd3 Kf6 50. Kxb7 Kf5 51. Kc6 Ke4 52. Nb2 Kd4 53. Na4 Nb4+ 54. Kb5 Nc2 55. Ka5 Na1 56. b4 Nc2 57. b5 Na3 58. Nb2 Nxb5 59. Kxb5 Ke5 1/2-1/2

[Event "Jaen op 21st"]
[Site "Jaen"]
[Date "2011.02.06"]
[Round "7"]
[White "Cuenca Jimenez, Jose Fernando"]
[Black "Ruiz Sanchez, Miguel Angel"]
[Result "1-0"]
[WhiteElo "2496"]
[BlackElo "2248"]
[PlyCount "79"]
[EventDate "2011.02.06"]
[EventType "swiss (rapid)"]
[EventRounds "9"]
[EventCountry "ESP"]
[SourceTitle "CBM 140 Extra"]
[Source "ChessBase"]
[SourceDate "2011.03.01"]
[SourceVersion "1"]
[SourceVersionDate "2011.03.01"]
[SourceQuality "1"]

1. Nf3 e6 2. c4 f5 3. Nc3 Nf6 4. d4 d5 5. Bf4 c6 6. e3 Be7 7. Qc2 0-0 8. Bd3 Ne4 9. g4 Na6 10. a3 Nc7 11. gxf5 exf5 12. Bxc7 Qxc7 13. cxd5 cxd5 14. Nxd5 Qa5+ 15. Nc3 Nd6 16. Qb3+ Kh8 17. Ne5 Bf6 18. Qd5 Qxd5 19. Nxd5 b6 20. Nxf6 gxf6 21. Nc4 Bb7 22. Rg1 Nxc4 23. Bxc4 f4 24. Kd2 Rad8 25. Rg4 fxe3+ 26. fxe3 f5 27. Rf4 Rd6 28. Raf1 Rh6 29. Rxf5 Rxh2+ 30. Kc3 Rxf5 31. Rxf5 Be4 32. Rf4 Bg6 33. d5 Rc2+ 34. Kb3 b5 35. Bxb5 Rc5 36. Bc4 Kg7 37. d6 Rc8 38. e4 h5 39. e5 Ra8 40. Bf1 1-0

[Event "ESP-chT2 Gr2"]
[Site "Granada"]
[Date "2010.08.07"]
[Round "5"]
[White "Ruiz Sanchez, Miguel Angel"]
[Black "Fernandez Garcia, Miguel Angel"]
[Result "0-1"]
[WhiteElo "2225"]
[BlackElo "2293"]
[PlyCount "70"]
[EventDate "2010.08.04"]
[EventType "team-tourn"]
[EventRounds "6"]
[EventCountry "ESP"]
[SourceTitle "CBM 137 Extra"]
[Source "ChessBase"]
[SourceDate "2010.09.01"]
[SourceVersion "1"]
[SourceVersionDate "2010.09.01"]
[SourceQuality "1"]

1. d4 Nf6 2. Bf4 e6 3. e3 b6 4. Nf3 Bb7 5. Nbd2 d6 6. h3 Nbd7 7. Bd3 Qe7 8. Bb5 c6 9. Be2 d5 10. 0-0 g6 11. c4 Bg7 12. c5 bxc5 13. Nb3 cxd4 14. exd4 Rc8 15. Na5 Nb6 16. Qb3 0-0 17. a4 Ba8 18. Ba6 Nfd7 19. Bxc8 Rxc8 20. Rac1 c5 21. Qa3 Bf8 22. dxc5 Rxc5 23. Rxc5 Nxc5 24. b3 Qf6 25. Be5 Qf5 26. Qa1 d4 27. Qxd4 Bxf3 28. gxf3 Ncd7 29. Nc6 Nd5 30. Bg3 Qxf3 31. Qd1 Qc3 32. Nd4 Bc5 33. Nb5 Qxg3+ 34. Kh1 Qxh3+ 35. Kg1 Nf4 0-1

[Event "ESP-chT2 Gr2"]
[Site "Granada"]
[Date "2010.08.05"]
[Round "2"]
[White "Fernandez Barrera, Victor"]
[Black "Ruiz Sanchez, Miguel Angel"]
[Result "1/2-1/2"]
[WhiteElo "2326"]
[BlackElo "2225"]
[PlyCount "74"]
[EventDate "2010.08.04"]
[EventType "team-tourn"]
[EventRounds "6"]
[EventCountry "ESP"]
[SourceTitle "CBM 137 Extra"]
[Source "ChessBase"]
[SourceDate "2010.09.01"]
[SourceVersion "1"]
[SourceVersionDate "2010.09.01"]
[SourceQuality "1"]

1. e4 e6 2. d4 d5 3. Nc3 Bb4 4. e5 c5 5. a3 Bxc3+ 6. bxc3 Qa5 7. Bd2 Qa4 8. Qb1 c4 9. Nh3 Nc6 10. Nf4 Nge7 11. Nh5 Rg8 12. g3 Bd7 13. Bh3 0-0-0 14. 0-0 Rdf8 15. Re1 Kc7 16. Bg5 Nc8 17. Qb2 Nb6 18. Bg2 Qa5 19. a4 Rb8 20. Qa3 Nc8 21. h4 a6 22. Qb2 Nb6 23. Bf4 Rbe8 24. Qa3 Nc8 25. Reb1 N6a7 26. g4 Bc6 27. Qb2 Nb6 28. Qa3 Nac8 29. Rb4 Nd7 30. Qb2 Ndb6 31. Qa3 Nd7 32. Qc1 Ndb6 33. Qa3 Nd7 34. Qb2 Ndb6 35. Qa3 Kb8 36. Kh1 Kc7 37. Kg1 Nd7 1/2-1/2

[Event "ESP-chT Gp1"]
[Site "Burguillos"]
[Date "2008.08.14"]
[Round "2"]
[White "Jansa, Vlastimil"]
[Black "Ruiz Sanchez, Miguel Angel"]
[Result "1-0"]
[WhiteElo "2485"]
[BlackElo "2181"]
[PlyCount "75"]
[EventDate "2008.08.13"]
[EventType "team"]
[EventRounds "6"]
[EventCountry "ESP"]
[SourceTitle "CBM 126 Extra"]
[Source "ChessBase"]
[SourceDate "2008.11.05"]
[SourceVersion "1"]
[SourceVersionDate "2008.11.05"]
[SourceQuality "1"]

1. e4 d5 2. exd5 Nf6 3. Nf3 Nxd5 4. d4 g6 5. g3 Bg7 6. Bg2 0-0 7. 0-0 Nb6 8. Qe2 Nc6 9. c3 Be6 10. Rd1 Qc8 11. Nbd2 Bg4 12. Nf1 e5 13. d5 Ne7 14. Ne3 e4 15. Nxg4 Qxg4 16. h3 Qd7 17. Qxe4 Nexd5 18. Qc2 Rad8 19. Bf4 Qa4 20. b3 Qa5 21. Bg5 Qxc3 22. Qxc3 Bxc3 23. Bxd8 Bxa1 24. Bxc7 Nxc7 25. Rxa1 Rd8 26. Rc1 Ncd5 27. Kf1 Kf8 28. Ke2 Nb4 29. a3 Nc6 30. Rc3 Nd5 31. Rd3 Nf6 32. Rxd8+ Nxd8 33. Kd3 Ke7 34. Nd4 Kd7 35. Kc4 Ne8 36. h4 Nc7 37. b4 Nc6 38. Bxc6+ 1-0

[Event "ESP-ch U20"]
[Site "Mondariz"]
[Date "2000.07.22"]
[Round "7"]
[White "Gonzalez de la Torre, Santiago"]
[Black "Ruiz Sanchez, Miguel Angel"]
[Result "0-1"]
[WhiteElo "2252"]
[BlackElo "2163"]
[PlyCount "80"]
[EventDate "2000.07.16"]
[EventType "swiss"]
[EventRounds "8"]
[EventCountry "ESP"]
[SourceTitle "EXT 2001"]
[Source "ChessBase"]
[SourceDate "2000.11.22"]
[SourceVersion "1"]
[SourceVersionDate "2000.11.22"]
[SourceQuality "1"]

1. e4 d5 2. exd5 Nf6 3. Be2 Nxd5 4. d4 Nb6 5. c3 Bf5 6. Nf3 e6 7. 0-0 Be7 8. a4 Nd5 9. a5 a6 10. Qb3 Qc8 11. Na3 0-0 12. c4 Nf6 13. Rd1 Bg4 14. Bd2 Nbd7 15. h3 Bh5 16. Rac1 c5 17. d5 e5 18. Qe3 Bd6 19. Nh4 Bg6 20. g3 Re8 21. Nxg6 hxg6 22. Kg2 Qd8 23. Nc2 Nh7 24. Ne1 f5 25. Qb3 Rb8 26. Bf1 Ndf6 27. Nf3 Qd7 28. Ng5 Nxg5 29. Bxg5 Ne4 30. Qe3 Kf7 31. Bd3 Nxg5 32. Qxg5 Qd8 33. Qe3 Qxa5 34. g4 e4 35. Bb1 Qc7 36. gxf5 gxf5 37. Qe2 Qe7 38. Rg1 Qg5+ 39. Kh1 Qf4 40. Qh5+ Kg8 0-1

[Event "ESP-ch U20"]
[Site "Spain"]
[Date "1998.??.??"]
[Round "9"]
[White "Garcia Castro, Pablo"]
[Black "Ruiz Sanchez, Miguel Angel"]
[Result "1-0"]
[WhiteElo "2175"]
[BlackElo "2150"]
[PlyCount "29"]
[EventDate "1998.??.??"]
[EventType "swiss"]
[EventRounds "9"]
[EventCountry "ESP"]
[SourceTitle "EXT 2003"]
[Source "ChessBase"]
[SourceDate "2002.11.25"]
[SourceVersion "1"]
[SourceVersionDate "2002.11.25"]
[SourceQuality "1"]

1. e4 e5 2. Nf3 d6 3. d4 Bg4 4. dxe5 Bxf3 5. Qxf3 dxe5 6. Bc4 Nf6 7. Qb3 Bc5 8. Bxf7+ Kf8 9. 0-0 Nc6 10. Bc4 Nxe4 11. Qxb7 Qf6 12. Qxa8+ Ke7 13. Qb7 Bxf2+ 14. Kh1 Rd8 15. Nc3 1-0

[Event "ESP-ch U18"]
[Site "Oropesa del Mar"]
[Date "1998.??.??"]
[Round "?"]
[White "Hernando Rodrigo, Jose Maria"]
[Black "Ruiz Sanchez, Miguel Angel"]
[Result "1-0"]
[WhiteElo "2295"]
[BlackElo "2150"]
[PlyCount "55"]
[EventDate "1998.??.??"]
[EventType "swiss"]
[EventRounds "9"]
[EventCountry "ESP"]
[SourceTitle "EXT 2003"]
[Source "ChessBase"]
[SourceDate "2002.11.25"]
[SourceVersion "1"]
[SourceVersionDate "2002.11.25"]
[SourceQuality "1"]

1. d4 d5 2. Nf3 Nf6 3. g3 c6 4. Bg2 Bf5 5. 0-0 e6 6. c4 Bd6 7. Nc3 Nbd7 8. Qb3 Qb8 9. Nh4 Bg6 10. cxd5 exd5 11. Nxg6 hxg6 12. e4 dxe4 13. Nxe4 Nxe4 14. Bxe4 Nf6 15. Re1 Nxe4 16. Rxe4+ Kf8 17. Bf4 Bxf4 18. Rxf4 Qc7 19. Re1 Rh5 20. Rfe4 b6 21. Qe3 Kg8 22. Re8+ Rxe8 23. Qxe8+ Kh7 24. Re7 Qd6 25. Rd7 Qb4 26. Rd8 Kh6 27. h4 g5 28. Qxf7 1-0